| 000 | 00465pab a2200157 454500 | ||
|---|---|---|---|
| 008 | 180718b2006 xxu||||| |||| 00| 0 eng d | ||
| 100 | _aBevan, Gwyn | ||
| 245 | _aWhat's measured is what matters: targets and gaming in the English public health care system | ||
| 260 | _c2006 | ||
| 300 | _ap.517-38. | ||
| 650 | _aHealth services - Great Britain | ||
| 650 | _aHealth services | ||
| 700 | _aHood, Christopher | ||
| 773 | _aPublic Administration | ||
| 909 | _a71385 | ||
| 999 |
_c71385 _d71385 |
||